The Top 20 European Football Teams - Statistics

General Stats
  • This quiz has been taken 1,219 times
  • The average score is 15 of 20
Answer Stats
Hint Answer % Correct
1 (Spain) FC Barcelona
99%
4 (Spain) Real Madrid CF
99%
3 (England) Manchester United FC
96%
5 (England) Chelsea FC
93%
19 (England) Manchester City
93%
6 (England) Arsenal FC
91%
8 (Italy) FC Internazionale Milano
91%
2 (Germany) FC Bayern Munich
90%
7 (Portugal) FC Porto
90%
18 (England) Liverpool FC
88%
14 (Portugal) SL Benfica
83%
10 (Spain) Club Atlético de Madrid
74%
13 (Italy) AC Milan
73%
12 (France) Olympique Lyonnais
69%
9 (Spain) Valencia FC
69%
16 (France) Olympique de Marseille
61%
20 (Portugal) Sporting Clube de Portugal
52%
11 (Ukraine) FC Shakhtar Donetsk
40%
15 (Germany) FC Schalke 04
35%
17 (Russia) PFC CSKA Moskva
19%
No matching quizzes found
Score Distribution
Percent of People with Each Score
Percentile by Number Answered
Your Score History
You have not taken this quiz